000 00839cam9a220027700 4500
001 lce00148753
008 711008s1971 ja a b 001 0 eng
010 _a 76107610
015 _aJa***
020 _a087011106X
020 _c
_15.00 (U.S.)
035 _a(Sirsi) r49201
035 _a(DLC) 76107610
035 _a(UPRA)lce00148753
043 _aa-ja---
050 0 _aDS821
_b.M267 1971
082 _a915.2/03/4
100 1 _aMaraini, Fosco.
_6A7216.1
245 1 0 _aJapan; patterns of continuity.
250 _a[1st ed.]
260 _aTokyo, Palo Alto, Calif.,
_aTokyo, Palo Alto, Calif.,
_bKodansha International
_c[1971]
504 _aIncludes bibliographical references.
651 0 _aJapan -- Civilization.
_xJapan -- Civilization.
_6S4949.1
949 _aDS821
_wlcc
_i-61296
_mMAIN
_tBOOK
_lON-SHELF
004 49201
999 _c117756
_d117756